[Event "BEM-ch U16"]
[Site "Tamm"]
[Date "2000.01.22"]
[Round "1"]
[White "Knies, David"]
[Black "Ludwig, Sebastian"]
[Result "0-1"]
[WhiteElo "858"]
[BlackElo "1374"]
[PlyCount "88"]
[EventDate "2000.01.22"]
[EventType "swiss"]
[EventRounds "5"]
[EventCountry "GER"]
[SourceTitle "EXT 2003"]
[Source "ChessBase"]
[SourceDate "2002.11.25"]
[SourceVersion "1"]
[SourceVersionDate "2002.11.25"]
[SourceQuality "1"]

1. e4 e6 2. d4 d5 3. Nc3 Nf6 4. Bg5 dxe4 5. Nxe4 Be7 6. Nxf6+ Bxf6 7. Bxf6 Qxf6 8. Nf3 0-0 9. Bc4 Rd8 10. 0-0 c5 11. d5 Qxb2 12. Rb1 Qc3 13. Bb3 c4 14. Ba4 Rxd5 15. Qe1 Qxe1 16. Rfxe1 b6 17. Rbd1 Bb7 18. Rxd5 Bxd5 19. Rd1 a6 20. c3 b5 21. Bc2 Nc6 22. Nd4 Nxd4 23. Rxd4 Rd8 24. Be4 h6 25. Bxd5 Rxd5 26. Rxd5 exd5 27. Kf1 d4 28. cxd4 c3 29. Ke1 b4 30. Kd1 Kf8 31. Kc2 Ke7 32. Kb3 Kd6 33. a3 bxa3 34. Kxc3 Kd5 35. Kb3 Kxd4 36. Kxa3 Kd3 37. Ka4 Ke2 38. f4 Kf2 39. Ka5 Kxg2 40. Kxa6 Kxh2 41. Kb6 Kg3 42. Kc6 Kxf4 43. Kd5 h5 44. Kd4 h4 0-1